00584nam a2200169Ia 4500008004100000020002200041082001600063100001600079245008000095250000800175260003900183300001100222600001500233942000700248952014200255999001700397250916s9999 xx 000 0 und d a978-1-64201-150-0 a658.401 BUT aButow, Eric 0aEntrepreneur grow your business:bscale your business for long term success a1st aIrvine:bEntrepreneur Press,c2023 a163 p. aManagement cBK 001040708MANaUITUbUITUd2025-07-31eA.R. Book Companyg5515.45l0o658.401 BUTpQ15951r2025-09-16 13:12:08v7879.21w2025-09-16yBK c31576d31576